1927 1299 1100 1158 1441 1004 1272 1943 1426 1293 1608 1676 1869 1318 1839 1671 1617 1313 1319 1539 1562 1302 1428 1724 1048 1808 1043 1730 1763 1064 1576 1367 1705 1911 1151 1784 1993 1548 1331 1275 1290 1036 1566 1244 1815 1930 1043 1584 1977 1772 1944 1843 1642 1358 1663 1352 1716 1285 1154 1611 1839 1359 1838 1630 1437 1944 1957 1317 1176 1571 1309 1791 1311 1308 1605 1433 1460 1325 1735 1111 1356 1552 1841 1911 1546 1855 1404 1880 1721 1180 1106 1770 1406 1864 1049 1313 1030 1719 1735 BCNSPRNW ULIB Ver.6.0+V

เปลี่ยนเป็นภาษาไทย

Change to English
 แสดงรายละเอียดบรรณานุกรม
  กลับหน้าหลัก

Brief Record : Get Marc (ISO 2709) : E-mail record : QR code < ปิดหน้าต่าง
LEADER : 00000nam 2200000uu 4500
001    13399127022
003     ULIB
008    191003s2561||||th 000 0 tha d
020    ^a9786168028254 : ^c55 บาท
060    ^aWS103^bร375ก
100 0  ^aรัตนา คชนาท
245 10 ^aกบเลือกนาย= ^bTHE FROGS BEGGING FOR A KING /^cรัตนา คชนาท
260    ^aกรุงเทพฯ :^bสำนักพิมพ์ห้องเรียน, ^c2561
300    ^a11 หน้า :^bภาพประกอบสี ; ^c20 ซม.
546    ^aเนื้อหามีทั้งภาษาไทยและภาษาอังกฤษ.
945    ^p55^l0^i006210
999    ^aประนอม เกษจรัล
รายการนี้ยังไม่มีแท็ก
คุณยังไม่ได้ล็อกอิน คุณสามารถมีกิจกรรมร่วมกับเว็บไซต์ได้ แต่ต้องล็อกอินก่อน ::
  ล็อกอิน

รายการสื่อสารสนเทศ

ลำดับที่ ประเภท เลขเรียก/บาร์โค้ด สถานที่ สถานะ
1. วิทยาศาสตร์การแพทย์ และสุขภาพ
วิทยาศาสตร์การแพทย์ และสุขภาพ
WS103 ร375ก ฉ.1 
  Barcode: 006210
ห้องสมุดวิทยาเขตสวรรค์ประชารักษ์
►หนังสือทั่วไป
บนชั้น

รายการใกล้เคียง
    ผู้แต่ง [รัตนา คชนาท]

BibComment


ยังไม่เคยถูกคอมเมนท์

คอมเมนท์ทรัพยากรรายการนี้
  คอมเมนท์: กบเลือกนาย THE ..


 Copyright 2026. Bcnsprnw @Library